000 00752nam a2200205Ii 4500
003 JO-AjNU
008 230605s9999||||xx |||||||||||||| ||und||
017 _a78/2117
040 _aJO-AjNU
_bara
_erda
_cJO-AjNU
041 _aara
050 1 4 _aZ675.S3.D65 1978
100 3 _aتاليف دوجلاس ، مارى بيكوك؛ تعريب عبدالرحمن الشيخ,
_eauthor
_936521
245 0 0 _a مكتبة المدرسة الابتدائية وما تؤديه من خدمات
264 3 1 _aالكويت : وكالة المطبوعات ، 1978
300 _a173ص
336 _atext
_btxt
_2rdacontent
337 _aunmediated
_bn
_2rdamedia
338 _avolume
_bnc
_2rdacarrier
650 4 _aالمكتبة المدرسية-خدمات
_936522
999 _aA15181
_c18749
_d18749